Graphics file formats

Bibliographic Details
Main Author: Kay, David C
Other Authors: Levine, John R
Format: Book
Published: New York : Windcrest , 1993
Subjects:

MARC

LEADER 00000cam a2200000 7i4500
001 0000007737
002 000008307
005 20000330.0
020 |a 0830630597 
090 0 0 |a 006.6   |b KAY 
100 1 |a Kay, David C 
245 1 0 |a Graphics file formats   |c David C.Kay and John R.Levine 
260 |a New York :   |b Windcrest ,   |c 1993 
300 |a 278 p. ;   |c 23 cm. 
650 0 0 |a Computer graphics 
700 1 |a Levine, John R 
999 |a 053075   |b BUKU   |c PINJAMAN   |e PERPUSTAKAAN KOMUNITI PETALING JAYA